000 00627nam a22001931i 4500
001 000030702
003 RuMoIPM
005 20260601114632.0
008 130416m19621963ur | c rus
040 _aRuMoIPM
_brus
_ercr
041 0 _arus
080 _a511(07)
080 _a511.1(07)
100 1 _aАрхангельская, Вероника Михайловна
245 1 _aЭлементарная теория чисел
_b[учебное пособие]
_cВ. М. Архангельская
260 _aСаратов
_bИзд-во Сарат. ун-та
_c1962 [обл. 1963]
300 _a126 с.
942 _cBK
999 _c30702
_d30702